00859nam a2200253 a 450000500170000000800410001701000140005802000260007202000230009803500130012103700150013404000180014908200140016724501040018126000460028530000300033149000970036150000200045852000240047865000250050265000380052770000190056570000210058420060722155810.0030918s2003 ii ab b 001 0 eng  aENG-91564 a9780195697346c650.00 a0195697340c650.00 aEN-75097 bDBAD / PUB adplbEnglish  a332.10684 aCorporate accounability and sustainable development /cedited by Peter Utting (and) Jennifer Clapp  aNew Delhi bOxford University Pressc2008 axvi, 259 p. c22 cm (Hb)  aEcological economics and human well-being;edited by Joan Martinez-Alier (and) Pushpam Kumar  aIncludes index. aContributed essays. aCorporate governance aSocial responsibility of business aUtting, Peter  aClapp, Jennifer